Zespoły grobowe z krzemiennymi płoszczami w Małopolsce i na Wołyniu
| Titel: | Zespoły grobowe z krzemiennymi płoszczami w Małopolsce i na Wołyniu |
|---|---|
| Verfasser: | |
| Beteiligt: | |
| In: |
Wiadomości archeologiczne, Band 57 (2004), Seite 3-27 alle Artikel anzeigen |
| Veröffentlicht: | 2004-2005 [2005] |
| Format: | Aufsatz |
| Sprache: | Polnisch |
X
alg: 39416955 001A $01999:12-11-16 001B $01999:29-05-21 $t17:45:55.000 001C $06050:19-11-16 $t08:47:27.000 001D $01999:12-11-16 001U $0utf8 001X $00 002@ $0Aox 003@ $0394169557 007A $0394169557 $aHEB 007T $0Herdkk00012985 010@ $apol 011@ $a2004 $b2005 $n2004-2005 [2005] 021A $aZespoły grobowe z krzemiennymi płoszczami w Małopolsce i na Wołyniu 028A $aBargieł $dBarbara 028B/01 $aLibera $dJerzy 031A $d57 $h3-27 $j2004 037A $aWczesna epoka brązu037A $aengl. Res. 039B $aIn $8--Abvc--. Wiadomości archeologiczne. - Warszawa : [Verlag nicht ermittelbar], 1873-. - ISSN 0043-5082 $x200400000570000997 $9047268050 045F $a390.09438 $eDDC23BSB 045F/01 $a390 045F/03 $g438 045T $a7,41 lok: 39416955 78 exp: 39416955 78 1 #EPN 201B/01 $007-09-18 $t23:57:54.000 201U/01 $0utf8 203@/01 $079028006X 208@/01 $a12-11-16 $be 209A/01 $a/ $f000 $x00 220C/01 $aTitelaufnehmer: pbb 220C/01 $aHerkunft: PBB/IH PAN 244Z/01 $2Trx $#Poola $#Lenkija $#Polija $#Polen Land $#Poland $#Lengyelország $#Poľsko $#Polsko $8--Trx--Polska$gkraj $x01 $9391345966 244Z/01 $#Kleinpolen $#Małopolska $#Polonia Minor $74098501-5 $8--Tg1--Kleinpolen $x02 $9085277975 244Z/01 $#Wolhynien $#Volynʹ $#Wołyń $74079380-1 $8--Tg1--Wolynien $x03 $9085225665 244Z/01 $2Trx $8--Trx--Zeitschriftenaufsatz $x04 $9391384341 245Z/01 $a11.02 $x01 247C/01 $82080>Marburg/Lahn, Herder-Institut, Forschungsbibliothek, Bibliographieportal $9336309341
| LEADER | 00000caa a22000002c 4500 | ||
|---|---|---|---|
| 001 | 394169557 | ||
| 003 | DE-603 | ||
| 005 | 20210529174555.0 | ||
| 007 | tu | ||
| 008 | 161112s20042005xx |||| | u00||u|pol c | ||
| 035 | |a (DE-599)HEB394169557 | ||
| 040 | |a DE-603 |b ger |c DE-603 |d DE-603 | ||
| 041 | |a pol | ||
| 082 | 0 | 4 | |8 1\u |a 390.09438 |q DE-101 |2 23/BSB |
| 084 | |a 7,41 |2 ssgn | ||
| 085 | |8 1\u |b 390 | ||
| 085 | |8 1\u |z 2 |s 438 | ||
| 100 | 1 | |a Bargieł, Barbara | |
| 245 | 0 | 0 | |a Zespoły grobowe z krzemiennymi płoszczami w Małopolsce i na Wołyniu |
| 264 | 0 | |c 2004-2005 [2005] | |
| 500 | |a Wczesna epoka brązu <pol> | ||
| 500 | |a engl. Res. | ||
| 700 | 1 | |a Libera, Jerzy | |
| 773 | 0 | 8 | |i In |t Wiadomości archeologiczne |d Warszawa : [Verlag nicht ermittelbar], 1873- |x 0043-5082 |g Band 57 (2004), Seite 3-27 |w (DE-603)047268050 |w (DE-600)202757-4 |
| 924 | 0 | |9 2080 |a (DE-603)79028006X |b DE-2080 |c HES |d d |g / | |


